000 00397nam a2200181Ia 4500
001 19253
005 20260306171730.0
008 260306s9999||||xx |||||||||||||| ||und||
041 _aESP
082 _a658.812
_bT85
100 _aTschohl, John
_eAUT
245 0 _aCosechando
260 _c1997
300 _a164 páginas :
_c
650 _aGEN
654 _aCAN
942 _cLIB
_dJUS
_fJUS
_2ddc
_n
999 _c19253
_d19253